000 00361nam a22001217a 4500
999 _c3695
_d3695
005 20201210101735.0
008 201210b ||||| |||| 00| 0 eng d
020 _a0719546370
040 _cCML
245 _aSuccess in World History Since 1945.
_cWatson J.
260 _aLondon
_bMargaret Watson
_c1989
942 _2ddc
_cBK
_e1st Edition
_h909
_mWAT